[Event "Novgorod 3rd"]
[Site "Novgorod"]
[Date "1996.07.26"]
[Round "6"]
[White "Polgar, Judit"]
[Black "Gelfand, Boris"]
[Result "1-0"]
[WhiteElo "2665"]
[BlackElo "2665"]
[Annotator "Har Zvi,R"]
[PlyCount "83"]
[EventDate "1996.07.20"]
[EventType "tourn"]
[EventRounds "10"]
[EventCountry "RUS"]
[EventCategory "19"]
[SourceTitle "CBM 054"]
[Source "ChessBase"]
[SourceDate "1996.10.01"]
[SourceVersion "1"]
[SourceVersionDate "1996.10.01"]
[SourceQuality "1"]

1. e4 {Huzman} c5 2. Nf3 d6 3. d4 cxd4 4. Nxd4 Nf6 5. Nc3 a6 6. Be3 e5 7. Nb3
Be6 8. f3 Nbd7 9. Qd2 b5 10. g4 Nb6 11. g5 Nfd7 12. Nd5 Rc8 {about 3 monthes
ago gelfand was very successfull with this line with the black pieces beating
Shirov with only 27 moves} (12... Bxd5 13. exd5 Rc8 (13... Qc7 14. h4 Rc8 15.
Rh2 Be7 16. O-O-O Nc4 17. Bxc4 bxc4 18. Na5 c3 19. Qxc3 Qxc3 20. bxc3 Bd8 21.
Nc6 $16 {Grabarczyk,B-Kuczynski,R POL-ch 1996}) 14. Na5 (14. O-O-O {transposes
to the game}) 14... Qc7 (14... Nxd5 15. Nb7 Nxe3 16. Nxd8 Nxc2+ 17. Kd1 Nxa1
18. Nb7 Nc2 {Gelfand}) 15. Bxb6 $6 (15. c4 $1 Nxc4 16. Nxc4 bxc4 17. Rc1 $16 {
Gelfand}) 15... Nxb6 16. Bh3 Ra8 17. Nc6 g6 18. f4 h6 $13 {Shirov,A-Gelfand,B
Madrid 1996}) (12... Nxd5 13. exd5 Bf5 14. Bd3 Bxd3 15. Qxd3 Be7 16. Rg1 {
Jirovsky-Vacek 1994}) 13. O-O-O (13. Na5 {there is a big difference playing
Na5 when black still has his bishop} Nxd5 14. exd5 Bxd5 {now white does not
have Nb7} 15. Qxd5 Qxa5+ 16. c3 Be7 17. a4 O-O 18. Bd3 Qd8 19. h4 Nc5 20. Bf5
Nxa4 21. Bxc8 Qxc8 {with a very good position for black Diaz,Joa-Herrera,I
Capablanca mem-B 1996}) (13. Nxb6 {Huzman} Nxb6 14. Qa5 Nc4 15. Qxd8+ Kxd8 16.
Bxc4 Bxc4 (16... bxc4 17. Na5 $13) 17. O-O-O $10) 13... Bxd5 14. exd5 Nc4 15.
Qf2 Be7 (15... Nxe3 16. Qxe3 Be7 17. Rg1 (17. h4 $5) 17... Qb6 18. Qxb6 Nxb6
19. Bd3 Nc4 20. Rde1 Bd8 $1 {with a nice position for black Arams,J-Balzar,A
Dortmund op 1988}) 16. h4 h6 (16... Nxe3 $1 {Huzman} 17. Qxe3 h6 18. g6 Bxh4 (
18... f5 19. Qe1 (19. Bh3 O-O 20. Qd3 Bxh4 21. Bxf5 $140 Qg5+ 22. Kb1 Qxf5 (
22... Rxf5 23. Rxh4 Rcf8 $17) 23. Rxh4 Qxf3 $19) 19... O-O 20. Na5 $132) 19.
gxf7+ Kxf7 20. Kb1 Bg5 $15) (16... Ndb6 17. Na5 $1 Nxe3 18. Qxe3 Nxd5 19. Rxd5
Qxa5 20. Kb1 $44) 17. gxh6 gxh6 (17... g6 {Huzman} 18. Bxc4 (18. f4 Bxh4 19.
Qe2 Bg3 $17) 18... bxc4 19. Nd2 c3 (19... Qa5 20. Ne4 Qxa2 21. Nc3 Qa5 (21...
Qa1+ $2 22. Kd2 Qxb2 23. Rb1 Qa3 24. Ra1 Qb4 25. Rhb1 $18) 22. f4 $13) 20. Ne4
cxb2+ 21. Kb1 $36) 18. Kb1 (18. Bxc4 $1 {Huzman} bxc4 19. Nd2 c3 20. Ne4 (20.
Nb3 cxb2+ 21. Kb1 a5 $15) 20... cxb2+ 21. Kb1 f5 $6 22. Qg2 $40) (18. f4 {
Huzman} Bxh4 19. Qe2 Bf6 $13 (19... Bg3 $5)) 18... Bxh4 19. Qe2 (19. Rxh4 $2
Nxe3) 19... Nxe3 (19... Bg5 {Huzman} 20. Bxg5 Qxg5 21. Bh3 $1 $132 (21. Nd4 $4
Ne3)) 20. Qxe3 Bg5 21. Qe1 O-O 22. Bd3 f5 (22... Nc5 {Huzman} 23. Bf5 Rc7 24.
Qa5 $1 $132) 23. Qg1 (23. Nd4 {Huzman} exd4 24. Qe6+ Kg7 $19) (23. f4 {Huzman}
Bxf4 24. Nd4 exd4 25. Qe6+ Rf7 26. Rdg1+ Kf8 27. Rxh6 Bxh6 28. Qxh6+ Ke7 29.
Qe6+ Kf8 $10) 23... Kh7 24. Rh5 $1 Nc5 25. f4 $3 {a very strong move forcing
black to clear his control over the d4 square which means white knight is
coming!} (25. Nxc5 {Huzman} Rxc5 26. Qg3 Rc7 27. Rdh1 Rg7 28. Qh3 Qf6) 25...
exf4 (25... Nxd3 26. fxg5 Nf4 27. Rxh6+ Kg7 28. Qh2 {winning}) (25... Bxf4 26.
Bxf5+ Rxf5 27. Rxf5 Qd7 28. Qg4 $1 {with Qh5 on the next move}) 26. Nd4 Kg6 27.
Qh2 Qf6 $6 (27... Rc7 28. Rg1 $1 Rh7 29. Nf3 $1 Rhh8 30. Qh4 {winning}) (27...
Nxd3 $8 {this seems black best chance since Gelfands move gives very little
hope} 28. Ne6 (28. cxd3 {Huzman} Qf6 29. Ne6 $18) 28... Qf6 (28... Qe8) (28...
Ne5 $1 29. Nxd8 Rcxd8 $132) 29. cxd3 $1 Rh8 30. Rh1 Kf7 {is not Nxg5 followed
by Rh6} 31. Nxg5+ hxg5 32. Rh7+ $3 {the correct move since,the very natural
move Rxh8 is not good at all} (32. Rxh8 Rxh8 33. Qxh8 Qxh8 34. Rxh8 f3 {
and the pawns are quick!}) 32... Rxh7 33. Qxh7+ Kf8 34. Rh6 Qe5 (34... Qf7 35.
Qh8+) 35. Re6 {and white is winning}) 28. Bxf5+ Qxf5 (28... Kf7 29. Bxc8 Rxc8
30. Qh3 {with Nf5}) 29. Nxf5 Rxf5 30. Rh1 Rh8 31. Rxg5+ $1 Rxg5 (31... Kxg5 32.
Qh4+ Kg6 33. Qg4+ Kf6 (33... Rg5 34. Qxf4 {is the game}) 34. Rg1 Rg5 35. Qxf4+
Ke7 36. Re1+ $18) 32. Qxf4 Rd8 33. a3 $2 {33.b4 is winning immediately} (33. b4
) 33... Kg7 34. Rf1 Kh7 35. b4 Na4 36. Qe4+ Kh8 37. Qe7 Rdg8 38. Qxd6 Kh7 39.
Qe7+ R8g7 40. Qe4+ Kg8 41. Qe8+ Kh7 42. d6 1-0

[Event "Qatar Masters op"]
[Site "Doha"]
[Date "2014.11.30"]
[Round "5"]
[White "Saric, Ivan"]
[Black "Duda, Jan Krzysztof"]
[Result "1-0"]
[WhiteElo "2680"]
[BlackElo "2599"]
[Annotator "Havasi,G"]
[PlyCount "99"]
[EventDate "2014.11.26"]
[EventType "swiss"]
[EventRounds "9"]
[EventCountry "QAT"]
[SourceTitle "CBM 164"]
[Source "ChessBase"]
[SourceDate "2015.01.15"]
[SourceVersion "1"]
[SourceVersionDate "2015.01.15"]
[SourceQuality "1"]

1. e4 c5 2. Nf3 d6 3. d4 cxd4 4. Nxd4 Nf6 5. Nc3 a6 6. h3 {This line is very
popular nowadays. White usually wants to follow up with g4, but he can
sometimes play Be3 with a transposition to the English Attack.} e5 (6... e6 {
is the other fashionable line, after which the game is of Scheveningen style.})
7. Nde2 h5 {Black has to play this move, otherwise White plays g4 and gets
control over the position.} (7... Be6 8. g4 d5 9. exd5 Nxd5 10. Bg2 Bb4 11. O-O
Bxc3 12. Nxc3 Nxc3 13. bxc3 Nc6 14. Ba3 Qxd1 15. Rfxd1 $14 {Kamsky-Shankland,
Saint Louis 2011}) 8. g3 (8. Bg5 {is the other line, which is an attempt to
gain control over the d5-square. See Nakamura-Vachier-Lagrave, 2014.}) 8... Be6
{Black plays very logically, Be6 followed by Nbd7 is almost always a good way
to develop in the Najdorf.} (8... b5 {is also possible to get a comfortable
setup with Bb7, Nbd7 etc.} 9. Bg5 (9. Bg2 Bb7 10. O-O Be7 11. a4 b4 12. Nd5
Nxd5 13. exd5 a5 $13 {Pancevski-Volokitin, Plovdiv 2012}) 9... Nbd7 10. Nd5 Bb7
11. Nec3 Rc8 12. Bg2 (12. h4 {Karjakin} Qa5 $5 13. b4 {with} Nxd5 $5 14. bxa5
Nxc3 15. Qc1 Bxe4 16. Rh2 d5) 12... Be7 13. Nxe7 Qxe7 14. h4 Nb6 $13 {
Karjakin-Gelfand, Wijk aan Zee 2014 CBM 159 [Karjakin,S]}) 9. Bg2 b5 {This
move was played once by Wojtaszek. The point is clear: Black wants to have the
possibility of playing ...b4 after a4.} (9... Nbd7 {is the most common move,
after which White plays} 10. a4 {in order to prevent ...b5 and try to put some
pressure on Black's position by playing positional moves in the future} Rc8 11.
b3 Nc5 12. O-O a5 13. Bg5 Be7 14. h4 Nh7 15. Bxe7 Kxe7 16. Qd2 $14 {
Firman-Shirov, Germany 2012}) 10. O-O Nbd7 11. a4 $146 {This is the novelty.
White immediately wants to attack Black's b5-pawn.} (11. Be3 {was played by
Giri} Nb6 (11... Rc8 {may be better, the N move seems a bit inaccurate, as
after a4 b4, White will have the possibility of playing a5}) 12. b3 Be7 13. Qd2
(13. a4 {is also good immediately}) 13... Qc7 14. a4 bxa4 15. Nxa4 Nxa4 16.
Rxa4 O-O 17. Rfa1 Rfc8 18. c4 $14 {Giri-Wojtaszek, Biel 2014}) 11... b4 12. Nd5
Nxd5 {This is the most logical move. Black doesn't want to give up the bishop
pair.} (12... Bxd5 {gives up the bishop pair, but Black hasn't got any problem
in this case either.} 13. exd5 Be7 $13) 13. exd5 Bf5 14. Bd2 $1 {And White
plays the only available plan, trying to take advantage of the weak pawn
structure on the queenside.} (14. c4 $6 {wouldn't be good} Qc8 15. b3 Nc5 $15)
14... Rb8 (14... a5 {seems an interesting possibility} 15. c3 b3 $1 16. Qxb3
Rb8 17. Qa2 Be7 18. b4 Rc8 $44 {, when Black has many resources, Bd3-c4, or
Nb6-c4.}) 15. Qe1 Be7 $1 {This is a good move, Black isn't afraid of losing
his b-pawn, as, he will get good positional play.} (15... Bxc2 $2 {is bad} 16.
Nd4 $1) ({If Black wants to defend the b4-pawn, it can be done in only one way,
by playing} 15... Qb6 {, but this seems slightly inaccurate, because of} 16.
Be3 $1 Qc7 17. f4 $1 Bxc2 18. fxe5 Nxe5 19. Nd4 b3 20. Nc6 $44) 16. Bxb4 Qb6
17. c3 Nc5 (17... a5 {was also possible} 18. Ba3 Rc8 $44) 18. a5 $1 Qb5 19.
Bxc5 dxc5 $2 {This move causes all of Black's problems,} (19... Qxc5 {is much
better} 20. b4 Qa7 $44) 20. Nf4 {This is also good, but far from winning.} (20.
Nd4 $1 {was the best way to exploit Black's inaccuracy} exd4 21. d6 Be6 22.
dxe7 Kxe7 23. Qe5 $36) 20... Bd6 $1 21. Nxh5 $1 Bd3 22. g4 $1 Qxb2 $2 (22...
Kf8 {is better} 23. Ng3 $14) 23. Nxg7+ (23. Qe3 $1 {is even better} Bxf1 24.
Nxg7+ Kf8 25. Rxf1 Kxg7 26. Qg5+ Kf8 27. Qf6 $18) 23... Kd7 24. Qe3 Qxc3 (24...
Bxf1 25. Rxf1 $18) 25. Nf5 $18 Rb3 26. Rfc1 $1 Qb4 27. Nxd6 Kxd6 28. Ra4 $1 Qb5
29. Raa1 $2 {This move is very hard to understand. Black wasn't threatening
anything.} (29. Qg5 $18) 29... f6 $1 {Black seizes his chance, his position
has improved a lot.} 30. f4 $6 (30. Qf3 $1 {was the only way to keep some
advantage} f5 $1 31. gxf5 Be2 32. Qe4 Qd3 33. Rab1 $14) 30... e4 {Black even
has the advantage, though some moves ago, he was almost losing.} 31. f5 (31.
Kh1 $1 {was the surprising move, which avoids checks on c5 after a possible c4:
} Rb2 $1 (31... c4 32. Qa7 $1) 32. f5 Re2 33. Qg3+ Kd7 $15) 31... Kxd5 (31...
c4 {was better} 32. Qf4+ (32. Qa7 $2 Qc5+ $1) 32... Kxd5 33. Rd1 Qc5+ 34. Kh1
Qe7 $1 $15) 32. Rd1 ({After the strong} 32. Re1 $1 Qc4 $1 33. Rad1 {Now, we
can see, why Re1 is stronger - the two Rs are very well-placed in the centre.}
Re8 $1 34. g5 $1 Kc6 $1 35. gxf6 Rg8 36. Rd2 $1 Kb5 37. Kh2 $14 {White should
be slightly better.}) 32... Re8 $1 33. Qh6 (33. Rac1 {is the other way} c4 34.
Kh1 Qc5 35. Qf4 $13) 33... Qc6 34. g5 c4 $1 35. gxf6 Rg8 $1 36. Ra2 Ke5 ({
Black should go away with the king towards the queenside, as the king is much
safer there:} 36... Kc5) 37. Qh7 $2 (37. Rf2 $1 {immediately refutes Ke5,
intending Qf4:} Qd5 38. f7 $1 Qxf7 39. Qf4+ Kf6 40. Qh4+ Ke5 41. f6 $18) 37...
Qc5+ 38. Kh1 Rf8 (38... Rbb8 39. f7 $40) 39. f7 (39. Qg7 {is even more precise}
Rxf6 40. Qg3+ Kd4 41. Qf2+ Kd5 42. Bxe4+ $1) 39... Rbb8 $2 {This move simply
allows White to use his queen to attack the king.} (39... Qe7 $1 $13 {was the
only good move which holds the position.}) 40. Qg6 (40. Qg7+ $1 {is also good}
Kxf5 41. Qg4+ Ke5 42. Re2 $18 {This motif will be seen in the game.}) 40... Qe7
41. Qg7+ Kd5 {Black has managed to play Qe7 and wants to play Qe5 in the
future to exchange the Q, but White has a very nice move...} 42. Re2 $1 {
The last exact move.} Rb1 43. Bxe4+ Qxe4+ 44. Rxe4 Rxd1+ 45. Kh2 Rxf7 46. Qd4+
Kc6 47. Qb6+ Kd5 48. Rd4+ Ke5 49. Qd6+ Kxf5 50. Rf4+ 1-0

[Event "Gashimov Memorial 3rd"]
[Site "Shamkir"]
[Date "2016.06.01"]
[Round "6"]
[White "Mamedov, Rauf"]
[Black "Karjakin, Sergey"]
[Result "1/2-1/2"]
[WhiteElo "2655"]
[BlackElo "2779"]
[Annotator "Havasi,G"]
[PlyCount "70"]
[EventDate "2016.05.26"]
[EventType "tourn"]
[EventRounds "9"]
[EventCountry "AZE"]
[EventCategory "20"]
[SourceTitle "CBM 173"]
[Source "ChessBase"]
[SourceDate "2016.07.12"]
[SourceVersion "1"]
[SourceVersionDate "2016.07.12"]
[SourceQuality "1"]

1. e4 c5 2. Nf3 d6 3. d4 cxd4 4. Nxd4 Nf6 5. Nc3 a6 6. h3 e5 7. Nb3 (7. Nde2 h5
{is a more positional line.}) 7... Be6 8. Be3 Be7 9. f4 Nc6 (9... exf4 10. Bxf4
Nc6 {is played more often.}) 10. f5 Bxb3 11. axb3 Nb4 (11... d5 12. exd5 Nb4
13. g3 {would transpose to the game.}) 12. g3 d5 13. exd5 Qc7 {Black wants to
take the pawn with the rook.} (13... Nbxd5 14. Nxd5 Nxd5 15. Bf2 Bb4+ 16. Ke2 {
is a very unclear position, when Black can play for a development advantage
and White has chances with the bishop pair.}) 14. d6 {This is the start of a
forced line.} Bxd6 15. Nb5 Nxc2+ 16. Ke2 Qc6 17. Nxd6+ Ke7 18. Rc1 Nxe3 19.
Rxc6 Nxd1 20. Nxb7 Rhb8 21. Rc7+ Kf8 22. Kxd1 (22. Bg2 $1 {is the suggestion
of the computer, but at first it is not so esay to understand:} Nxb2 23. Nd6 e4
$1 24. Rhc1 $1 $14 (24. Rxf7+ $6 Kg8 $132)) 22... Ra7 23. Bc4 Raxb7 24. Rxb7
Rxb7 $11 {This position is more or less equal.} 25. Re1 Nd7 26. Kc2 Rb6 27. Ra1
Nb8 28. Kd3 Nc6 (28... Rd6+ {This keeps the king away from e4.} 29. Ke4 Rd4+
30. Ke3 (30. Kxe5 $4 Nc6#) 30... Ke7 $11) 29. Ra4 Ke7 30. Ke4 f6 31. h4 Nb8 32.
Kd5 Rd6+ 33. Ke4 Rb6 34. Kd5 Rd6+ 35. Ke4 Rb6 1/2-1/2

[Event "Tata Steel-A 77th"]
[Site "Wijk aan Zee"]
[Date "2015.01.24"]
[Round "12"]
[White "Saric, Ivan"]
[Black "Wojtaszek, Radoslaw"]
[Result "1-0"]
[WhiteElo "2666"]
[BlackElo "2744"]
[Annotator "Havasi,G"]
[PlyCount "141"]
[EventDate "2015.01.10"]
[EventType "tourn"]
[EventRounds "13"]
[EventCountry "NED"]
[EventCategory "20"]
[SourceTitle "CBM 165"]
[Source "ChessBase"]
[SourceDate "2015.03.11"]
[SourceVersion "1"]
[SourceVersionDate "2015.03.11"]
[SourceQuality "1"]

1. e4 c5 2. Nf3 d6 3. d4 cxd4 4. Nxd4 Nf6 5. Nc3 a6 6. Be3 e5 7. Nb3 Be6 8. f3
Be7 9. Qd2 O-O 10. O-O-O Nbd7 11. g4 b5 12. g5 {This is the main line.} (12.
Rg1 $5 {is the other line, which is very popular, Caruana and Anand play it.})
12... b4 13. Ne2 Ne8 14. f4 a5 15. f5 a4 16. fxe6 $5 {Another try to get a
playable position against this line.} (16. Nbd4 {is the usual move} exd4 17.
Nxd4 b3 18. Kb1 bxc2+ 19. Nxc2 Bb3 20. axb3 axb3 21. Na3 Ne5 22. h4 $13 {
1/2 (67) Leko,P (2749)-Vallejo Pons,F (2686) Monte Carlo 2005}) 16... axb3 17.
cxb3 fxe6 18. Bh3 (18. Kb1 {is met by} Rxa2 $1 19. Bh3 Qa5 20. Bxe6+ Kh8 21.
Ng3 Nc5 22. Bc4 Nc7 23. Rhf1 Ra8 24. Bxc5 Qxc5 25. Qf2 Qxc4 {0-1 (25)
Baramidze,D (2542)-Nielsen,P (2668) Germany 2006}) 18... Rxa2 (18... Nc7 {
was also played by Wojtaszek} 19. Kb1 Qc8 20. Rhf1 Qa6 21. Nc1 Qa5 22. Rxf8+
Nxf8 23. a4 $142 $1 $36 (23. Qf2 Qb5 24. Nd3 Ng6 25. Bb6 Rf8 26. Qe3 Bxg5 27.
Qg1 Rf3 28. Bxc7 Rxh3 $132 {0-1 (38) Kryvoruchko,Y (2676)-Wojtaszek,R (2717)
Warsaw 2012})) 19. Bxe6+ Kh8 20. Ng3 Nc7 21. Bc4 Qa8 22. Rhf1 Ra1+ (22... Rxf1
{is more popular} 23. Rxf1 Ra1+ 24. Kc2 {see 22...Ra1.}) 23. Kc2 Rxf1 24. Rxf1
Rxf1 25. Bxf1 d5 {We arrive at a critical position.} 26. h4 (26. exd5 Nxd5 $13
{has been played in many correspondence games}) (26. Qf2 g6 {leads to the game
after} 27. h4) 26... g6 $6 {This move is a novelty in this position.} (26... d4
{was played by Gelfand} 27. Bg1 Ne6 $132 {0-1 (41) Caruana,F (2774)-Gelfand,B 
(2755) Moscow RUS 2013}) 27. Qf2 {Now we have transposed to the 26.Qf2 line..}
(27. Kb1 $14 {is also possible to stabilise the K}) (27. Bc4 $1 {is the
refutation of 26...g6} dxc4 28. Qxd7 cxb3+ 29. Kxb3 Qg8+ 30. Kc2 Qc4+ 31. Kd2
Bf8 32. b3 $1 Qc3+ 33. Ke2 $16) 27... Kg7 {This move is useful to prevent Qf7
in the future.} (27... Qf8 {has also been played} 28. Qxf8+ Nxf8 (28... Bxf8
29. Bd2 Kg7 30. exd5 Nxd5 31. Kd3 Nc5+ 32. Kc2 Nd7 33. Ne4 Nc5 34. Nxc5 Bxc5
35. Kd3 $14 {1-0 (42) Ragger,M (2658)-Maksimenko,A (2489) Austria AUT 2014})
29. Ba7 dxe4 30. Bb8 Nfe6 31. Nxe4 $14 {1/2 (41) Radjabov,T (2726)-Vachier
Lagrave,M (2757) Tashkent UZB 2014}) 28. Kb1 $146 {This line has a very long
amount of theory. The novelty comes on move 28.} (28. h5 {was played in a
correspondence game} Qf8 29. Qh2 Qf3 30. Qh3 Kf8 31. hxg6 hxg6 32. Ba7 Ke8 $13
{1/2 (39) Cremasco,G (2498)-Alderisio,P (2414) ICCF email 2012}) 28... Qf8 $1 {
Black wants to exchange the queens, as his P structure is better. The exchange
of the strongest piece reduces White's chanches of creating a strong attack.} (
28... Qc6 {seems possible, as the queen is active on c6, but this is not so
good} 29. h5 $1 $36) 29. Qc2 (29. Qxf8+ Kxf8 $11) 29... Nc5 {After this move
White will have to give up his dark-squared B.for the N.} (29... Bc5 {is also
possible} 30. h5 d4 31. Bd2 Na8 $1 $13) 30. exd5 Nxd5 31. Bxc5 Bxc5 32. Bc4 {
White's position seems to be better, as his B is very strong, but things
aren't so simple.} (32. Qe4 Qd6 $13) 32... Ne3 (32... Qf3 {was also good} 33.
Qe4 Qd1+ 34. Ka2 Nc3+ 35. bxc3 Qd2+ $11) 33. Qe4 Qe7 $6 (33... Nxc4 $1 {
was necessary} 34. bxc4 Qf4 $132) 34. Qf3 $1 {White frees the e4-square for
the N.} Nxc4 $6 {This is inaccurate.} (34... Qf8 $1 {seems the best} 35. Qf6+
Qxf6 36. gxf6+ Kh6 37. Ne4 Bb6 $11) 35. bxc4 $14 Qd7 $1 {Black frees the
e7-square for the B, which will defend the critical f6-square, while his Q
will be able to get into White's position.} (35... Qf7 36. Qxf7+ Kxf7 37. Ne4
$14) 36. Ne4 (36. h5 Be7 $1 37. h6+ Kg8 38. Ne4 Qf5 $1 39. Qd3 b3 $1 $132)
36... Be7 {Black has stabilised his position with this defensive manoeuvre,
but White's chances are slightly better.} 37. Kc2 $1 {White plays the position
powerfully.} Qa4+ (37... h6 $1 {seems a good counterplay move} 38. gxh6+ Kxh6
$14) 38. Qb3 Qc6 39. Qd3 Qa4+ 40. b3 $1 {Of course no draw.} Qa2+ (40... Qa7 $5
{is an interesting move, the Q on a7 is a "sniper" as it always threatens to
break into White's position} 41. Kd2 h6 42. gxh6+ Kh7 $1 43. h5 $1 gxh5 44. c5
$1 Kxh6 {and Black more or less holds.}) 41. Kd1 Qg2 $6 (41... Qh2 $1 {was the
only move, but White is better after} 42. c5 $1 Qxh4 43. c6 Qh1+ 44. Kc2 $16)
42. Qd5 $6 {This move loses the advantage.} (42. c5 $1 {is strong, there is no
need to postpone the push of the P} Qh1+ 43. Kc2 Qg2+ 44. Kc1 $16) 42... Qh1+
43. Kc2 Qh2+ 44. Nd2 Qg3 $6 (44... Qxh4 $1 45. Qxe5+ Kf7 $132) 45. Nf3 $1 Qf2+
46. Kd3 {White is again in control.} Bd6 $1 {Defending the e5 P tactically.}
47. Nd2 (47. Qc6 $1 $16) 47... Qg3+ 48. Ke2 Qg4+ 49. Qf3 Qe6 50. Qe4 $1 $16 {
After this move White easily wins.} h6 (50... Qf5 51. Qb7+ Kh8 52. Qd5 $16) 51.
Nf3 (51. gxh6+ Kxh6 52. Qd5 $1 $16) 51... hxg5 $6 (51... h5 $1 {is better} 52.
Ne1 $16) 52. Nxg5 Qf6 53. Qb7+ (53. Qd5 $5 $16) 53... Be7 54. c5 $6 {This move
isn't safe.} (54. Qd7 $1 $16) 54... e4 $1 {Of course opening the diiagonal for
the Q.} 55. Qxb4 Qb2+ $2 (55... Qe5 $3 {was an immediate draw!} 56. Qxe4 Qb2+
57. Kf3 Qxb3+ 58. Kg4 Qd1+ 59. Nf3 Qd7+ 60. Kg3 Qc7+ 61. Ne5 Bxc5 62. Qxg6+ Kh8
$11) 56. Ke3 Qc1+ 57. Kxe4 $16 {From now on the game is simple, till White
doesn't play c6...} Qc2+ 58. Kd5 Qf5+ 59. Kc6 Qc8+ 60. Kb5 Qb8+ 61. Ka4 Qa8+
62. Qa5 Qc6+ 63. Qb5 Qd5 64. Qb6 Kh6 65. c6 $4 (65. b4 $18) 65... Kh5 $2 (65...
Bd6 $3 {would have led to a draw. White has no useful moves!} 66. Qb5 (66. c7
Qa8+ 67. Kb5 Qd5+ $11) 66... Qd4+ $11) 66. Nh7 $4 (66. Nf7 $3 $18 {is a move
suggested by the computer, which seems to be the only easy winning move. The
idea is that Black cannot take on f7.}) 66... Qe4+ $4 (66... Qd6 $3 {with the
threat of Qa3 leads to draw} 67. Kb5 (67. Qb5+ Kh6 68. Qc4 Qc7 $11) 67... Qd3+
68. Ka5 Bd8 69. c7 Qc3+ 70. Ka6 Bxc7 $11) 67. Ka5 $18 {Now White is really
winning.} Kxh4 68. c7 Qa8+ 69. Qa6 Qd5+ 70. Qb5 Qa8+ 71. Kb6 1-0